|
|
|
|
| LEADER |
00000nam2a2200000 4500 |
| 001 |
277466 |
| 005 |
20231101235023.0 |
| 035 |
|
|
|a (RuTPU)RU\TPU\book\300740
|
| 035 |
|
|
|a RU\TPU\book\274740
|
| 090 |
|
|
|a 277466
|
| 100 |
|
|
|a 20141203d1986 k y0rusy50 ca
|
| 101 |
0 |
|
|a rus
|
| 102 |
|
|
|a RU
|
| 105 |
|
|
|a a z 001zy
|
| 200 |
0 |
|
|a Т. 33 : Специальные способы добычи
|f науч. ред. Г. Д. Гарбуз , Г. И. Кузнецов
|
| 210 |
|
|
|d 1986
|
| 215 |
|
|
|a 103 с.
|c ил.
|
| 320 |
|
|
|a Библиография в конце работ
|
| 461 |
|
1 |
|0 (RuTPU)RU\TPU\book\176998
|x 0202-7410
|t Разработка месторождений твердых полезных ископаемых
|f Академия наук СССР, Всесоюзный институт научной и технической информации
|v Т. 33 : Специальные способы добычи
|d 1963-1992
|s Разработка месторождений твердых полезных ископаемых
|
| 606 |
1 |
|
|a Твердые полезные ископаемые
|x Добыча
|2 stltpush
|3 (RuTPU)RU\TPU\subj\58605
|9 76377
|
| 610 |
1 |
|
|a разработка
|
| 610 |
1 |
|
|a месторождения
|
| 610 |
1 |
|
|a подземные работы
|
| 610 |
1 |
|
|a добыча
|
| 610 |
1 |
|
|a гидродобыча
|
| 610 |
1 |
|
|a зарубежный опыт
|
| 610 |
1 |
|
|a транспорт
|
| 675 |
|
|
|a 622.33
|v 4
|
| 702 |
|
1 |
|a Гарбуз
|b Г. Д.
|4 340
|
| 702 |
|
1 |
|a Кузнецов
|b Г. И.
|4 340
|
| 801 |
|
1 |
|a RU
|b 63413507
|c 20090521
|g PSBO
|
| 801 |
|
2 |
|a RU
|b 63413507
|c 20210218
|g PSBO
|
| 942 |
|
|
|c BK
|